Five Letter US Cities - Statistics

General Stats
  • This quiz has been taken 70 times
    46 since last reset
  • The average score is 13 of 25
Answer Stats
STATE CITY % Correct
ID Boise
95%
OH Akron
84%
DE Dover
84%
NH Dover
84%
OK Tulsa
84%
ND Fargo
81%
FL Miami
81%
OR Salem
81%
NE Omaha
78%
UT Provo
70%
FL Tampa
70%
MI Flint
59%
ID Nampa
49%
UT Ogden
49%
FL Ocala
43%
NY Utica
41%
UT Logan
35%
TX Tyler
27%
CA Chico
24%
LA Houma
22%
CA Davis
16%
CA Indio
14%
IL Alton
8%
CA Tracy
5%
CA Hemet
3%
No matching quizzes found
Score Distribution
Percent of People with Each Score
Percentile by Number Answered
Your Score History
You have not taken this quiz since the last reset